[Event "Ch Poland (team) (2nd liga)"]
[Site "masterchessopen.com Ustron (Poland)"]
[Date "2008.09.11"]
[Round "5"]
[White "Graczyk Konrad (POL)"]
[Black "Kos Pawel (POL)"]
[Result "0-1"]
[WhiteElo "1912"]
[BlackElo "2234"]

1.d4 Nf6 2.c4 g6 3.Nc3 d5 4.Nf3 Bg7 5.g3 O-O 6.cxd5 Nxd5 7.Bg2 c5 8.O-O Nc6
9.Nxd5 Qxd5 10.Be3 cxd4 11.Nxd4 Qc4 12.Nxc6 bxc6 13.b3 Qa6 14.Rc1 Qxa2 15.Rxc6
Bb7 16.Rc7 Bxg2 17.Kxg2 Bf6 18.Qc2 Qxc2 19.Rxc2 Rfb8 20.Rb1 a5 21.Rc4 a4
22.Bd4 e5 23.Bc3 axb3 24.f4 Ra2 25.Kf2 Rc2 26.fxe5 Be7 27.Ke3 Bg5+ 28.Kf2 Bd2
29.Rb4 Rxb4 30.Bxb4 Bxb4 31.Rxb3 Bc3 32.Rb5 Bd4+ 33.Kf3 Rc5 34.Rb8+ Kg7 35.Rb3
Rc3+ 36.Rxc3 Bxc3 37.Ke4 Kf8 38.Kf4 Ke7 39.Kg5 Bd2+ 40.Kg4 Ke6 41.h3 Kxe5
42.Kf3 Be1 43.e3 Bb4 44.Kg4 Be7 45.Kf3 Bd8 46.e4 Bb6 47.Kg4 Be3 48.Kf3 Bc1
49.g4 g5 50.Kg3 Kxe4 51.Kg2 Kf4 52.Kf2 Be3+ 53.Kg2 Bb6 54.Kh2 Kf3 55.Kh1 Bc7
{#R} 0-1

[Event "Ch Portugal (team)"]
[Site "masterchessopen.com Portugal"]
[Round "3"]
[White "Frois Antonio (POR)"]
[Black "Dantas Carlos (POR)"]
[Result "1-0"]
[WhiteElo "2367"]
[BlackElo "2206"]

1.Nf3 g6 2.c4 Bg7 3.d4 Nf6 4.Nc3 O-O 5.g3 d5 6.cxd5 Nxd5 7.Bg2 c5 8.O-O Nc6
9.dxc5 Nxc3 10.bxc3 Bxc3 11.Bh6 Qxd1 12.Raxd1 Re8 13.Rb1 Rb8 14.Rfc1 Bf5
15.Rb3 Bf6 16.Bf4 e5 17.Be3 Be6 18.Rb5 a6 19.Rb6 Bd8 20.Rb2 f5 21.Ng5 Bxg5
22.Bxg5 Rec8 23.e4 Rc7 24.f4 Rbc8 25.exf5 gxf5 26.fxe5 Nxe5 27.Re2 Nd3 28.Rxe6
Nxc1 29.Bxc1 Rxc5 30.Bf4 Rb5 31.Re2 Rd8 32.h4 Rb1+ 33.Kf2 b5 34.Bh3 Rd5 35.Be5
Rdd1 36.Bf4 Rd5 37.h5 a5 38.Bg2 Rdd1 39.h6 Kf7 40.Rc2 Ra1 41.Bc6 Rab1 42.Bd2
a4 43.a3 Rf1+ 44.Kg2 Rbd1 45.Bb4 Rg1+ 46.Kh2 Kg6 47.Bd2 Kf6 48.Bxb5 f4 49.Bxf4
Rh1+ 50.Kg2 Rhg1+ 51.Kf2 Rh1 52.Rc6+ Ke7 53.Bxa4 Rhf1+ 54.Kg2 Rg1+ 55.Kf3 Ra1
56.Rc3 Kf6 57.Be3 {#r} 1-0

[Event "Ch Russia (1/2 final)"]
[Site "masterchessopen.com Novosibirsk (Russia)"]
[Round "8"]
[White "Chigvintsev Andrei (RUS)"]
[Black "Bibko Ivan (RUS)"]
[Result "1-0"]
[WhiteElo "2375"]
[BlackElo "2191"]

1.Nf3 g6 2.g3 Bg7 3.Bg2 Nf6 4.O-O O-O 5.c4 c5 6.Nc3 d5 7.cxd5 Nxd5 8.d4 cxd4
9.Nxd4 Nxc3 10.bxc3 Qc7 11.Qb3 Nc6 12.Bf4 e5 13.Nb5 Qe7 14.Bc1 Be6 15.Ba3 Qg5
16.Qa4 Rfc8 17.Nd6 Rc7 18.Nxb7 e4 19.Nc5 Re8 20.Nxe4 Qa5 21.Qxa5 Nxa5 22.Nd6
Rd8 23.Nb5 Rcd7 24.Bb4 Nc4 25.Bc6 Rd2 26.Nxa7 Rxe2 27.a4 Ne5 28.Rfd1 Nxc6
29.Nxc6 Rxd1+ 30.Rxd1 Bf5 31.a5 Ra2 32.Nd4 Bg4 33.Re1 Bxd4 34.cxd4 Bf3 35.Rc1
Ra4 36.Bc3 Kf8 37.Re1 f5 38.Re3 Be4 39.g4 Kf7 40.h3 Ra3 41.Kh2 h5 42.gxf5 gxf5
43.Kg3 Ra2 44.f3 Bb7 45.Bb4 Kf6 46.Kf4 Rh2 47.Be7+ Kg6 48.Bd8 Ra2 49.Re6+ {#r}
1-0

[Event "Ch Russia (1/2 final)"]
[Site "masterchessopen.com Novosibirsk (Russia)"]
[Round "3"]
[White "Sevostianov Vladimir (RUS)"]
[Black "Korniushin Nikolay (RUS)"]
[Result "0-1"]
[WhiteElo "2196"]
[BlackElo "2407"]

1.c4 Nf6 2.Nc3 g6 3.d4 d5 4.cxd5 Nxd5 5.Nf3 Bg7 6.g3 O-O 7.Bg2 c5 8.O-O Nxc3
9.bxc3 Nc6 10.e3 Be6 11.Nd2 cxd4 12.cxd4 Bd5 13.Ne4 Rc8 14.Bd2 b6 15.Bc3 Qd7
16.Qd2 Rfd8 17.Rfd1 Qb7 18.Qb2 Na5 19.f3 Nc4 20.Qf2 f5 21.Ng5 h6 22.Nh3 g5
23.Re1 e5 24.e4 exd4 25.exd5 dxc3 26.Rad1 Nb2 {#R} 0-1

[Event "Ch Russia (juniors) (under 12)"]
[Site "masterchessopen.com Dagomys (Russia)"]
[Round "7"]
[White "Mikhailov Ivan (RUS)"]
[Black "Kuzmin Egor (RUS)"]
[Result "0-1"]
[WhiteElo "1928"]
[BlackElo "1968"]

1.Nf3 Nf6 2.c4 g6 3.Nc3 Bg7 4.d4 d5 5.g3 O-O 6.cxd5 Nxd5 7.Bg2 c5 8.O-O cxd4
9.Nxd4 Nxc3 10.bxc3 a6 11.Qb3 Qc7 12.Ba3 Re8 13.Rab1 Nd7 14.Bd5 Ne5 15.f4 e6
16.fxe5 exd5 17.Bd6 Qc4 18.Qxc4 dxc4 19.Nf3 b5 20.Rf2 Bb7 21.a4 Bxf3 22.exf3
Bxe5 23.Bxe5 Rxe5 24.Ra2 Rb8 25.Kf2 Kf8 26.Rab2 Ke7 27.axb5 Rbxb5 28.f4 Rxb2+
29.Rxb2 Rb5 30.Re2+ Kd6 31.Re4 Rc5 32.Ke3 a5 33.Kd4 a4 34.Re8 Rh5 35.h4 Rb5
36.Ra8 Rb1 37.Rxa4 Rg1 38.Ra6+ Ke7 39.Kxc4 Rxg3 40.Ra7+ Ke6 41.Ra6+ Ke7
42.Ra7+ Ke6 43.Ra6+ Kf5 44.Ra7 Kf6 45.Ra6+ Ke7 46.Ra7+ Ke6 47.Ra6+ Kf5 48.Ra7
Kf6 49.Ra6+ Kg7 50.Kd4 Rf3 51.Ke5 Rxc3 52.Ra4 Rc5+ 53.Ke4 Rh5 54.Kf3 Rxh4 {#R}
0-1

[Event "Ch Russia (juniors) (under 18) (1 league)"]
[Site "masterchessopen.com Dagomys (Russia)"]
[Round "4"]
[White "Romashkov Alexandr (RUS)"]
[Black "Uliashev Pavel (RUS)"]
[Result "1-0"]
[WhiteElo "1943"]
[BlackElo "2267"]

1.d4 Nf6 2.c4 g6 3.Nc3 Bg7 4.Nf3 O-O 5.g3 d5 6.cxd5 Nxd5 7.Bg2 c5 8.O-O cxd4
9.Nxd4 Nb4 10.e3 N8c6 11.Nxc6 Nxc6 12.Qb3 Qa5 13.Rd1 Rd8 14.Bd2 Qh5 15.Nd5 Be6
16.e4 Nd4 17.Qd3 Bg4 18.Re1 e6 19.Nf4 Nf3+ 20.Qxf3 Bxf3 21.Nxh5 gxh5 22.Bg5 f6
23.Bxf6 Bxf6 24.Bxf3 h4 25.e5 Be7 26.Re2 Rd7 27.Rc1 Rad8 28.Rc4 hxg3 29.hxg3
Rd4 30.Rxd4 Rxd4 31.Bxb7 Bc5 32.Kg2 Rb4 33.Bc6 Bd4 34.b3 Rb6 35.Be4 h6 36.Bd3
Rc6 37.Bc4 Kg7 38.Re4 Bb6 39.Rg4+ Kh7 40.f4 Bc5 41.Bd3+ Kh8 42.Rg6 Bf8 43.Bc4
Kh7 44.Rxe6 {#r} 1-0

[Event "Ch Russia (qual)"]
[Site "masterchessopen.com St. Petersburg (Russia)"]
[Date "2004.05.29"]
[Round "8"]
[White "Loginov Valery A (RUS)"]
[Black "Nikolenko Oleg (RUS)"]
[Result "0-1"]
[WhiteElo "2509"]
[BlackElo "2523"]

{ Loginov Valery A (RUS) +2 =3 -0 } 1.Nf3 { 1 } 1...Nf6 2.g3 g6 3.c4 Bg7 4.d4
O-O 5.Bg2 d5 6.cxd5 Nxd5 7.O-O c5 8.Nc3 Nc6 9.dxc5 ( 9.Nxd5 Qxd5 10.Be3 c4
11.Qc1 Qb5 12.Rd1 Rd8 13.a4 Qa6 14.Bh6 Na5 15.Bxg7 Kxg7 16.Qc3 Kg8 17.d5 Nb3
18.Ra3 Bd7 19.Ne5 Rac8 20.Nxd7 Rxd7 21.Rxb3 Qxa4 22.Rc1 { 1-0, Granda Zuniga
Julio E 2620 - Sierra Miguel 2300 , Lima 1994 Ch Peru } ) 9...Nxc3 10.bxc3 Qa5
{ ?/= } 11.Be3 Bxc3 12.Rc1 Bg7 ( 12...Be6 13.Ng5 Bxa2 14.Qd7 h6 15.Ne4 Bg7
16.Qxb7 Rfc8 17.Nd6 Qc7 18.Qa6 Nb4 19.Qa3 exd6 20.Bxa8 Rxa8 21.Qxb4 dxc5
22.Rxc5 Qd7 23.Ra5 Qe6 24.Rxa7 Re8 25.Rc1 Bd5 26.Rd1 Ba8 27.Qa4 Bc6 28.Qc2 Be4
29.Qa2 Qf5 30.Rdd7 Rf8 31.Bd4 Bc6 32.Bxg7 { ...0-1, Spraggett Kevin 2536 -
Kudrin Sergey 2515 , New York 1987 It (open) } ) 13.Qb3 Qa6 ( 13...Be6 14.Qxb7
Bd5 15.Ne5 Bxg2 16.Nxc6 Bxc6 17.Qxc6 Qxa2 18.Qb7 a5 19.Rfd1 Qxe2 20.c6 Qf3
21.Qxa8 Rxa8 22.c7 Be5 23.Rd8+ Kg7 24.Rxa8 Bxc7 25.Ra7 Bd6 26.Rxa5 h5 27.Ra4 {
1/2-1/2, Hudecek Jan 2270 - Firt Stanislav 2375 , Czech Republic 1996 Czech
League 1995/96 (2nd) (c) } ) ( 13...Rb8 14.Ng5 Qa6 15.Bd5 e6 16.Bg2 h6 17.Ne4
e5 18.a4 Bg4 19.Nd6 Bxe2 20.Rfe1 Nd4 21.Bxd4 exd4 22.Bd5 d3 23.Bxf7+ Kh8
24.Bc4 Qc6 25.Bxd3 Rxf2 26.Be4 Bd4 27.Bxc6 Rf3+ 28.Kg2 Rxb3 29.Bxb7 Rb2
30.Rxe2 Rxe2+ 31.Kf3 Re3+ 32.Kg2 Re6 33.c6 { ...1/2-1/2, Slutzky Leonid 2375 -
Avrukh Boris 2500 , Israel 1996 Ch Israel (team) } ) 14.Qc4 ( 14.a4 Qxe2
15.Rfd1 a5 16.Rd2 Qa6 17.Bf1 Qa7 18.Bc4 Qb8 19.Ng5 Ne5 20.Bf4 Nxc4 21.Qxc4 Qa7
22.Rd8 e6 23.Rxf8+ Bxf8 24.Ne4 Qa6 25.Nf6+ Kg7 26.Qd4 e5 27.Qxe5 Qe6 28.Nd5+
Qxe5 29.Bxe5+ f6 30.Nc7 Ra6 31.Nxa6 fxe5 32.Nb8 Kf7 33.c6 Ke6 { ...1-0,
Vakhidov Tahir 2515 - Yermolinsky Alex 2440 , URS 1982 } ) 14...Qxc4 15.Rxc4
Be6 16.Ra4 Rfd8 { } 17.h4 { N } ( 17.h3 h6 18.Nd2 ( 18.Rb1 Rd7 19.Ne1 Rad8
20.Nd3 g5 21.Nb4 Rc7 22.Nxc6 bxc6 23.h4 Bf6 24.hxg5 hxg5 25.Ra6 Bd5 26.Rb4
Bxg2 27.Kxg2 e6 28.Rba4 Rdd7 29.Rg4 Be7 30.Rd4 Rxd4 31.Bxd4 f6 32.f4 gxf4
33.gxf4 Kf7 34.Kf3 Ke8 35.e4 Kd7 36.f5 exf5 { ...1/2-1/2, Johnsen Larus -
Pachman Ludek 2278 , Helsinki 1952 Olympiad } ) 18...Rd7 19.Nc4 Rb8 20.Na5 Nd4
21.Bxd4 Rxd4 22.Rxd4 Bxd4 23.Nxb7 Rc8 24.Rc1 Bxa2 25.e3 Be5 26.Na5 Rc7 27.Nc6
Bf6 28.Nb4 Be6 29.Nd5 Bxd5 { 1/2-1/2, Hoffmann Michael 2054 - Kempinski Robert
2545 , Groningen 1998 It (open) } ) 17...Rd7 18.Ng5 Bf5 19.Rc4 h6 20.Bxc6 bxc6
21.g4 hxg5 22.gxf5 gxf5 23.Bxg5 Rb8 24.Rfc1 { ?! } ( 24.Ra4 { !? } 24...Rb2
25.Ra6 Rc7 26.Re1 { } ) 24...e5 25.h5 f6 26.Bh4 Rb2 27.R1c2 Rxc2 28.Rxc2 Rd4
29.Bg3 f4 30.Bh4 Kh7 31.f3 Kh6 32.Bf2 Rd1+ 33.Kg2 f5 34.e3 fxe3 35.Bxe3+ Kxh5
36.Rc4 { ?! } ( 36.Kf2 { !? } 36...Bf6 37.Ke2 Rh1 38.a3 { } ) 36...f4 37.Bf2
Rd2 38.Ra4 Bf6 39.Kf1 Bh4 40.Bg1 { ?! } ( 40.Bxh4 { !? } 40...Kxh4 41.Ke1 Rc2
42.Rxa7 { } ) 40...Bg3 { ! } ( 40...a5 41.Re4 Rd1+ 42.Kg2 Bf6 { } ) 41.Re4 Kh4
42.Rxe5 Kh3 43.Rh5+ Bh4 44.Rh6 Rd1+ 45.Ke2 Rxg1 46.Rxc6 Kg2 47.Rc8 Re1+ 48.Kd2
Kxf3 49.c6 Re7 50.Kd3 Kg2 { } {#R} 0-1

[Event "Ch Russia (seniors) (w)"]
[Site "masterchessopen.com Lesnoj gorodok (Russia)"]
[Date "2009.10.09"]
[Round "7"]
[White "Chernova Natalja (RUS)"]
[Black "Kazantseva Alla (RUS)"]
[Result "1-0"]
[WhiteElo "2082"]
[BlackElo "1958"]

1.c4 Nf6 2.Nc3 g6 3.g3 c5 4.Bg2 Bg7 5.Nf3 d5 6.cxd5 Nxd5 7.O-O O-O 8.d4 cxd4
9.Nxd4 Nb6 10.Ndb5 Na6 11.Qc2 Bf5 12.e4 Bd7 13.Qe2 Qc8 14.Be3 Nc5 15.Rac1 a6
16.Na3 Bxc3 17.Rxc3 {#r} 1-0

[Event "Ch Russia (w) (1 liga)"]
[Site "masterchessopen.com Protvino (Russia)"]
[Round "3"]
[White "Popova Elena (RUS)"]
[Black "Semenova Sveta (RUS)"]
[Result "0-1"]
[WhiteElo "2042"]
[BlackElo "2068"]

1.d4 Nf6 2.c4 g6 3.Nf3 Bg7 4.g3 O-O 5.Bg2 c5 6.Nc3 d5 7.cxd5 Nxd5 8.O-O cxd4
9.Nxd4 Nxc3 10.bxc3 e5 11.Nb5 Qb6 12.Qb3 Nc6 13.Be3 Qa5 14.Nd6 Qa6 15.Bd5 Nd8
16.Bc5 Ne6 17.Ba3 Rb8 18.Rab1 Rd8 19.Nxc8 Rdxc8 20.Bxb7 Qxe2 21.Bd6 Nc7 22.Qa4
Rxb7 23.Rxb7 Ne8 24.Bb4 a6 25.Qd7 Qc4 26.a4 Nf6 27.Qe7 Qd5 28.Rc7 Re8 29.Qc5
Qa8 30.Ra7 Qf3 31.Rxa6 h5 32.Qc6 e4 33.Ra8 Rxa8 34.Qxa8+ Kh7 35.Qb8 Nd5 36.a5
h4 37.h3 f5 38.c4 Nxb4 39.Qxb4 hxg3 40.Qe7 g2 41.Qh4+ Kg8 42.Qd8+ Bf8 43.Rb1
Qxh3 44.Qd5+ Kh7 45.Rb7+ Kh6 46.Qd2+ g5 47.Rb6+ Kh5 48.Qd1+ g4 {#R} 0-1

[Event "Ch SBRhH"]
[Site "masterchessopen.com Mainz (Germany)"]
[Round "3"]
[White "Wornath Kai Rudolf (GER)"]
[Black "Lisanti Andre (GER)"]
[Result "1-0"]
[WhiteElo "2398"]
[BlackElo "2284"]

1.d4 Nf6 2.c4 g6 3.Nc3 Bg7 4.Nf3 O-O 5.g3 d5 6.cxd5 Nxd5 7.Bg2 c5 8.O-O cxd4
9.Nxd4 Nxc3 10.bxc3 Qa5 11.Qb3 Na6 12.Be3 e5 13.Nb5 Be6 14.Qb2 Nc7 15.Nxc7
Qxc7 16.Qxb7 Qxc3 17.Qa6 Rac8 18.Qxa7 Qc4 19.a4 e4 20.Rac1 Qxe2 21.Bxe4 Bh3
22.Rfe1 Rxc1 23.Rxc1 Rd8 24.Bd5 Qd3 25.Qxf7+ Kh8 26.Bh6 Bb2 27.Re1 {#r} 1-0

[Event "Ch Slovenia (team) (juniors)"]
[Site "masterchessopen.com Nova Gorica (Slovenia)"]
[Date "2009.08.26"]
[Round "7"]
[White "Titan Matej (SLO)"]
[Black "Kokol Peter (SLO)"]
[Result "1-0"]
[WhiteElo "1974"]
[BlackElo "2346"]

1.Nf3 Nf6 2.c4 c5 3.Nc3 g6 4.g3 Bg7 5.Bg2 O-O 6.O-O d5 7.cxd5 Nxd5 8.d4 Nc6
9.Nxd5 Qxd5 10.Be3 Qh5 11.dxc5 Bxb2 12.Rb1 Bf6 13.Qa4 Rb8 14.Nd4 Bxd4 15.Bxd4
Bd7 16.Be3 Qxe2 17.Rfe1 Qh5 18.Bf4 e5 19.Be3 Rfd8 20.Red1 Bg4 21.Rd6 e4
22.Bxe4 Ne5 23.h4 Nf3+ 24.Kg2 Re8 25.Rxb7 Nxh4+ 26.gxh4 Qxh4 27.Rxb8 Rxb8
28.Qd4 h6 29.c6 Re8 30.Bd5 Qh5 31.Bxf7+ {#r} 1-0

[Event "Ch USA (juniors)"]
[Site "masterchessopen.com New York (USA)"]
[Round "9"]
[White "Ippolito Dean (USA)"]
[Black "Braylovsky Gregory (USA)"]
[Result "0-1"]
[WhiteElo "2430"]
[BlackElo "2344"]

1.Nf3 Nf6 2.c4 g6 3.g3 Bg7 4.Bg2 O-O 5.O-O d5 6.cxd5 Nxd5 7.d4 c5 8.Nc3 cxd4
9.Nxd4 Nxc3 10.bxc3 Qa5 11.Qb3 Nd7 12.Ba3 Re8 13.Rab1 Rb8 14.Rfd1 Nb6 15.Bb4
Qa6 16.e4 Bd7 17.Bf1 Qa4 18.Qb2 Rbc8 19.Nb3 Bg4 20.Rd2 Nc4 21.Bxc4 Rxc4 22.Qc2
Rec8 23.Qd3 Bxc3 24.Bxc3 Rxc3 25.Qd5 Bf3 26.Re1 Qb4 27.h4 a5 28.h5 Bxh5 29.e5
Bf3 30.Qd4 R8c4 31.Qd8+ Kg7 32.e6 Rh4 {#R} 0-1

[Event "Ch UrFO (open)"]
[Site "masterchessopen.com Kurgan (Russia)"]
[Date "2010.03.28"]
[Round "9"]
[White "Patrushev Konstantin (RUS)"]
[Black "Gusarov Grigory (RUS)"]
[Result "0-1"]
[WhiteElo "2138"]
[BlackElo "2409"]

1.d4 Nf6 2.c4 g6 3.Nc3 d5 4.Nf3 Bg7 5.g3 O-O 6.cxd5 Nxd5 7.Bg2 c5 8.O-O Nc6
9.Nxd5 Qxd5 10.Ne5 Qxd4 11.Nxc6 bxc6 12.Bxc6 Rb8 13.Qc2 Bf5 14.e4 Bh3 15.Rd1
Qf6 16.Bd7 e6 17.Qe2 Rfd8 18.Rb1 c4 19.Bf4 Rxb2 20.Rxb2 Qxb2 21.Qxc4 e5 22.Bc1
Qb1 23.Bg4 Rxd1+ 24.Bxd1 Bh6 {#R} 0-1

[Event "Ch Vietnam"]
[Site "masterchessopen.com Can Tho (Vietnam))"]
[Round "1"]
[White "Bui Vinh (VIE)"]
[Black "Vu Dinh Hung (VIE)"]
[Result "1-0"]
[WhiteElo "2343"]
[BlackElo "2191"]

1.d4 Nf6 2.c4 g6 3.Nc3 d5 4.Nf3 Bg7 5.g3 O-O 6.cxd5 Nxd5 7.Bg2 c5 8.O-O Nxc3
9.bxc3 Nc6 10.e3 Be6 11.Qa4 a6 12.dxc5 Bxc3 13.Rb1 Qa5 14.Qh4 Bf6 15.Ng5 Bxg5
16.Qxg5 f6 17.Qf4 Qxc5 18.Rxb7 Ne5 19.Qd4 Qa5 20.Rxe7 Rad8 21.Qh4 Bf7 22.Qxf6
Ng4 23.Qf4 h5 24.h3 g5 25.Qc7 Qxc7 26.Rxc7 Ne5 27.Bb2 Rfe8 28.Rc5 Ng6 29.Rxg5
Rd2 30.Bd4 Rxa2 31.Rb1 {#r} 1-0

[Event "Ch Vietnam"]
[Site "masterchessopen.com Ha Long City (Vietnam)"]
[Date "2004.12.04"]
[Round "8"]
[White "Bui Vinh (VIE)"]
[Black "Nguyen Hoang Tuan (VIE)"]
[Result "1-0"]
[WhiteElo "2467"]
[BlackElo "2211"]

1.c4 Nf6 2.Nc3 d5 3.cxd5 Nxd5 4.d4 g6 5.g3 Bg7 6.Nf3 O-O 7.Bg2 c5 8.O-O Nc6
9.Nxd5 Qxd5 10.Be3 Qd8 11.d5 Nb4 12.Bxc5 Nxd5 13.e4 Nb6 14.Qb3 Re8 15.Rfd1 Qc7
16.Ng5 e6 17.Be3 Bd7 18.a4 Bc6 19.a5 Nd7 20.Bf4 Be5 21.Qe3 Rad8 22.b4 Nb8
23.Rdc1 Bxf4 24.gxf4 Qd6 25.Rab1 a6 26.e5 Qd3 27.Ne4 Bxe4 28.Bxe4 Qd7 29.Qb6
Re7 30.Bxb7 {#r} 1-0

[Event "Ch World (juniors) (under 20) (g)"]
[Site "masterchessopen.com Calicut (India)"]
[Round "0"]
[White "Khurtsidze Nino (GEO)"]
[Black "Paasikangas-T Johanna (FIN)"]
[Result "1-0"]
[WhiteElo "2440"]
[BlackElo "2238"]

1.d4 Nf6 2.Nf3 g6 3.c4 Bg7 4.Nc3 O-O 5.g3 d5 6.cxd5 Nxd5 7.Bg2 c5 8.O-O cxd4
9.Nxd4 Nxc3 10.bxc3 e5 11.Nb5 Qa5 12.Rb1 a6 13.Nd6 Rd8 14.Bxb7 Bxb7 15.Rxb7
Qxa2 16.c4 Qa5 17.Be3 Nd7 18.Bg5 Nf6 19.Rxf7 Ne4 20.Bxd8 Rxd8 21.Nb7 Rxd1
22.Rxg7+ Kxg7 23.Nxa5 Rd2 24.Rc1 Rxe2 25.c5 Rb2 26.c6 Rb8 27.c7 Rc8 28.Nb7 Kf6
29.f3 Ke6 30.fxe4 Kd7 31.Nc5+ {#r} 1-0

[Event "Ch Yugoslavia (1/2 final) (open)"]
[Site "masterchessopen.com Niska Banja (Yugoslavia)"]
[Round "9"]
[White "Tadic Branko (SRB)"]
[Black "Pap Misa (SRB)"]
[Result "1-0"]
[WhiteElo "2340"]
[BlackElo "2195"]

1.Nf3 Nf6 2.c4 c5 3.g3 d5 4.Bg2 g6 5.cxd5 Nxd5 6.d4 Bg7 7.O-O O-O 8.Nc3 Nc6
9.e3 Be6 10.Ne2 Ndb4 11.a3 Na6 12.Nf4 Bc4 13.Re1 cxd4 14.Qa4 e5 15.Qxc4 exf4
16.exd4 fxg3 17.hxg3 Nxd4 18.Nxd4 Bxd4 19.Bh6 Qf6 20.Qe2 Bxb2 21.Bxf8 Rxf8
22.Rab1 Bxa3 23.Rxb7 Bc5 24.Bd5 Nb4 25.Be4 Nc6 26.Qf3 Qe5 27.Kg2 Nd4 28.Qd3 f5
29.Qc4+ Ne6 30.Bd5 Qxe1 31.Bxe6+ Kh8 32.Qxc5 Qxe6 33.Qxf8+ {#r} 1-0

[Event "Cup Governor's (open) (a)"]
[Site "masterchessopen.com Khanty Mansyisk (Russia)"]
[Date "2009.11.27"]
[Round "4"]
[White "Shutukov S (RUS)"]
[Black "Shcherbin Matvei (RUS)"]
[Result "1-0"]
[WhiteElo "2360"]
[BlackElo "2309"]

1.c4 Nf6 2.Nf3 g6 3.Nc3 d5 4.cxd5 Nxd5 5.g3 Bg7 6.Bg2 O-O 7.d4 c5 8.O-O cxd4
9.Nxd4 Nxc3 10.bxc3 a6 11.Ba3 Qc7 12.Qb3 Re8 13.Rfd1 Nd7 14.Rab1 Ne5 15.Bc1
Nd7 16.Be3 Rb8 17.c4 e5 18.Nc2 Nc5 19.Qa3 Bf8 20.Nb4 Be6 21.Nd5 Bxd5 22.Bxd5
Ne6 23.Qa4 Re7 24.Ba7 Rd8 25.Rxb7 Qc8 26.Rxe7 Bxe7 27.Bxe6 Rxd1+ 28.Qxd1 fxe6
29.Qd3 Kf7 30.Qe4 Qd7 31.Bb8 Qa4 32.Bxe5 Qxa2 33.Qf3+ Ke8 34.Qe4 Qa4 35.Kg2
Bd8 36.h4 a5 37.Bc3 Kd7 38.Qd3+ Kc8 39.Qe4 Kd7 40.Qd4+ Kc8 41.Kh2 Qc6 42.Qh8
Qc5 43.Bd4 Qxc4 44.Bb6 Qd5 45.e4 Qd2 46.Qe8 Qd7 47.Qg8 a4 48.Bxd8 Qxd8
49.Qxe6+ Qd7 50.Qc4+ Kd8 51.Qc5 Ke8 52.e5 Kf7 53.Qc4+ Ke7 54.Qb4+ Ke6 55.Qg4+
Ke7 56.Qg5+ Ke8 57.Qf6 Qf5 58.Qc6+ Qd7 59.Qc4 Ke7 60.Qb4+ Kf7 61.Qb6 Qf5
62.Qc7+ Ke8 63.Qc6+ Qd7 64.Qa6 Qd4 65.Qf6 a3 66.Qh8+ Kd7 67.e6+ {#r} 1-0

[Event "Cup Mayors (open)"]
[Site "masterchessopen.com Mumbai (India)"]
[Date "2009.05.02"]
[Round "2"]
[White "Panchanathan Magesh Chandran (IND)"]
[Black "Raghavendra V (IND)"]
[Result "1-0"]
[WhiteElo "2493"]
[BlackElo "2145"]

1.Nf3 Nf6 2.g3 g6 3.Bg2 Bg7 4.c4 O-O 5.Nc3 d5 6.cxd5 Nxd5 7.d4 c5 8.O-O cxd4
9.Nxd4 Nxc3 10.bxc3 Qc7 11.Qb3 Nc6 12.Nxc6 bxc6 13.Bf4 Qa5 14.Rac1 Be6 15.Qb4
Qxa2 16.Bxc6 Rac8 17.Bb7 a5 18.Qxe7 Rfe8 19.Qd6 Rxc3 20.Rxc3 Bxc3 21.Qc6 Re7
22.Qxc3 Rxb7 23.Qf6 g5 24.Be5 {#r} 1-0

[Event "Cup Pannon"]
[Site "masterchessopen.com Kaposvar (Hungary)"]
[Round "1"]
[White "Nemeth Zoltan (HUN)"]
[Black "Horvath Attila (HUN)"]
[Result "1-0"]
[WhiteElo "2308"]
[BlackElo "2050"]

1.c4 Nf6 2.g3 g6 3.Bg2 Bg7 4.Nc3 c5 5.Nf3 d5 6.cxd5 Nxd5 7.O-O O-O 8.d4 cxd4
9.Nxd4 Nxc3 10.bxc3 Qc7 11.Qb3 Nd7 12.Ba3 Nb6 13.Rab1 Re8 14.Bb4 Qc4 15.Rfd1
Qa6 16.e3 e5 17.Bf1 Qa4 18.Qxa4 Nxa4 19.Bb5 exd4 20.Bxe8 Nxc3 21.Bxc3 dxc3
22.Ba4 Bf5 23.Rxb7 c2 24.Rc1 Rd8 25.g4 Be4 26.Rb4 f5 27.Bxc2 {#r} 1-0

[Event "Cup Russia (open)"]
[Site "masterchessopen.com Krasnodar (Russia)"]
[Round "5"]
[White "Burmakin Vladimir (RUS)"]
[Black "Bologan Viktor (MDA)"]
[Result "1-0"]
[WhiteElo "2550"]
[BlackElo "2585"]

1.d4 Nf6 2.c4 g6 3.Nc3 Bg7 4.Nf3 O-O 5.g3 d5 6.cxd5 Nxd5 7.Bg2 c5 8.O-O Nc6
9.Nxd5 Qxd5 10.Be3 Qh5 11.dxc5 Bxb2 12.Rb1 Bg7 13.Qa4 Rb8 14.Ng5 Ne5 15.h3 Bd7
16.Qxa7 Bc6 17.Bxc6 Nxc6 18.Qa4 h6 19.Nf3 Qxh3 20.Rfd1 Rfd8 21.Rxd8+ Nxd8
22.Qe8+ Bf8 23.Ne5 Qf5 24.Nd7 Qxb1+ 25.Kh2 Nc6 26.Nxb8 Ne5 27.Nd7 Ng4+ 28.Kg2
Qe4+ 29.Kg1 Qb1+ 30.Kg2 Qe4+ 31.Kg1 Qb1+ 32.Bc1 Qxc1+ 33.Kg2 Qc4 34.Qxf8+ Kh7
35.Qxe7 h5 36.f3 Nh6 37.Nf6+ Kg7 38.Ne8+ Kg8 39.Nf6+ Kg7 40.Qe5 Kf8 41.Nd7+
Kg8 42.Kf2 Qxa2 43.Qb8+ Kh7 44.Qxb7 Qa1 45.Qd5 Qh1 46.Nf6+ Kg7 47.Qe5 Nf5
48.Nxh5+ Kf8 49.Nf4 Qc1 50.g4 Ne7 51.Qd6 Ke8 52.Nd5 {#r} 1-0

[Event "Cup Russia (open)"]
[Site "masterchessopen.com Tula (Russia)"]
[Round "2"]
[White "Vaulin Alexander (RUS)"]
[Black "Zakharov Alexander S (RUS)"]
[Result "1-0"]
[WhiteElo "2492"]
[BlackElo "2432"]

1.d4 Nf6 2.c4 g6 3.Nf3 Bg7 4.g3 O-O 5.Bg2 d5 6.cxd5 Nxd5 7.O-O c5 8.Nc3 Nc6
9.Nxd5 Qxd5 10.Be3 cxd4 11.Nxd4 Qh5 12.Bf3 Bg4 13.Bxg4 Qxg4 14.Nxc6 bxc6
15.Qc2 a5 16.Rab1 a4 17.Rfd1 Qe6 18.b3 axb3 19.axb3 h5 20.Qc4 Qxc4 21.bxc4
Rfb8 22.Rxb8+ Rxb8 23.Rd7 Rb4 24.c5 Re4 25.Rc7 Re6 26.Kf1 Be5 27.Ra7 h4 28.Kg2
hxg3 29.hxg3 Kg7 30.g4 f5 31.Kf3 Kf7 32.Rd7 Ke8 33.Rd1 fxg4+ 34.Kxg4 Bf6
35.Kf3 Re5 36.Rb1 Kd7 37.Rg1 Rf5+ 38.Ke4 Re5+ 39.Kd3 g5 40.Rg4 Rd5+ 41.Kc4 Re5
42.Kb4 Ke6 43.Ka5 Kf5 44.Rg1 g4 45.Kb6 Re6 46.Kc7 g3 47.Kd7 gxf2 48.Bxf2 Rxe2
49.Rf1 Ke4 50.Kxc6 Bd4 51.Bh4 e5 52.Be7 Rc2 53.Bd6 Bf2 {#r} 1-0

[Event "Cup Russia (open)"]
[Site "masterchessopen.com Toljatti (Russia)"]
[Round "1"]
[White "Skatchkov Pavel (RUS)"]
[Black "Khamidulin Viacheslav (RUS)"]
[Result "1-0"]
[WhiteElo "2454"]
[BlackElo "2216"]

1.Nf3 Nf6 2.d4 g6 3.c4 Bg7 4.Nc3 O-O 5.g3 d5 6.cxd5 Nxd5 7.Bg2 c5 8.O-O Nc6
9.Nxd5 Qxd5 10.Be3 Qc4 11.Nd2 Qa6 12.dxc5 Bxb2 13.Rb1 Bd4 14.Bxc6 Qxc6 15.Bxd4
Bh3 16.Nf3 Bxf1 17.Qxf1 Rfd8 18.Qc1 Qe4 19.Be3 Rd7 20.Qb2 Rad8 21.Kg2 f6
22.Qb4 Qxb4 23.Rxb4 e5 24.Rb2 Rc8 25.Nd2 Kf7 26.Nc4 Ke6 27.Rb4 Kd5 28.Na5 Rcc7
29.Nb3 Rc6 30.a3 Ra6 31.a4 Kc6 32.Nd2 Rd5 33.Ne4 f5 34.Nc3 Rd7 35.h4 Rc7 36.h5
g5 37.f3 Ra5 38.Nb5 Rd7 39.f4 gxf4 40.gxf4 Rg7+ 41.Kf3 Rg4 42.Nd6 exf4 43.Nxf5
Rg5 44.Ne7+ Kd7 45.Rxb7+ Ke6 46.c6 {#r} 1-0

[Event "Cup Saratov RSOCF (open)"]
[Site "masterchessopen.com Saratov (Russia)"]
[Date "2010.01.26"]
[Round "8"]
[White "Eramian Gamlet (RUS)"]
[Black "Isaev Alexander (RUS)"]
[Result "1-0"]
[WhiteElo "2059"]
[BlackElo "2365"]

1.d4 Nf6 2.Nf3 c5 3.c4 g6 4.g3 Bg7 5.Bg2 d5 6.cxd5 Nxd5 7.Nc3 O-O 8.O-O Nc6
9.Nxd5 Qxd5 10.Ne5 Qxd4 11.Nxc6 bxc6 12.Qxd4 Bxd4 13.Bh6 Rd8 14.Rac1 Ba6
15.Rfe1 c4 16.b3 Rab8 17.bxc4 c5 18.Bg5 f6 19.Bf4 Rb4 20.Bd5+ Kg7 21.Rc2 g5
22.Bd2 Rbb8 23.Bc3 Bxc3 24.Rxc3 Rd7 25.Ra3 Rb6 26.Rb3 Rdd6 27.Rc1 e6 28.Be4
Rd2 29.Rxb6 axb6 30.Bd3 Rxa2 31.Rb1 Ra4 32.Rxb6 e5 33.f3 Bxc4 34.Rb7+ Kf8
35.Bxc4 Rxc4 36.Rxh7 e4 37.Kf2 exf3 38.Kxf3 g4+ 39.Ke3 Ke8 40.Kd3 Rd4+ 41.Ke3
Rd7 42.Rh4 f5 43.Rh5 Rd5 44.Rh7 Kd8 45.h3 gxh3 46.Rxh3 Kc7 47.Rh6 Kb7 48.Kf3
Rd1 49.e4 c4 50.exf5 c3 51.Rh2 Rd3+ 52.Kf4 Rd2 53.Rh1 c2 54.Rc1 Kc6 55.g4 Kd5
56.Kg5 Rg2 57.Kf6 Ke4 58.g5 Kd3 59.g6 Kd2 60.Ra1 Rg3 61.g7 Ra3 62.Rxa3 c1=Q
63.Ra2+ Ke3 64.g8=Q {#r} 1-0